Formación política y consolidación democrática /

Guardado en:
書目詳細資料
主要作者: Rodríguez Echeverría, Miguel Angel
格式: Texto
主題:
標簽: 添加標簽
沒有標簽, 成為第一個標記此記錄!

MARC

LEADER 00000 a a2200000 04500
001 11483
003
040
100 |a Rodríguez Echeverría, Miguel Angel  
245 |a Formación política y consolidación democrática /  |c Miguel Angel Rodríguez Echeverría  
650 |a POLITICA  
650 |a CAPACITACION  
650 |a DEMOCRATIZACION  
650 |a PODER  
650 |a MODERNIZACION  
650 |a SOCIEDAD  
650 |a ESTADO  
650 |a DEMOCRACIA  
650 |a PARTICIPACION SOCIAL  
650 |a POLITICOS  
773 |g número 3 -4; páginas 216-227  
999 |c 21229  |d 21229